Sports Quiz

Random Sports Quiz

Athletes in 3 Words Quiz Stats

 Plays Quiz not verified by Sporcle

Score 0/21 Timer 03:00
0 Plays Today
Hint Answer % Correct
Bulls, Greatest, BasketballMichael Jordan
98.9%
Doping, Cycling, CancerLance Armstrong
97.8%
Colts, Broncos, BrotherPeyton Manning
95.6%
Giants, Brother, UpsetEli Manning
95.6%
Nike, Affairs, GolfTiger Woods
95.6%
Heat, King, BasketballLebron James
94.4%
Retirement, Packers, JetsBrett Favre
91.1%
Great, Oilers, HockeyWayne Gretzky
87.8%
Tomato, Snowboard, OlympicsShaun White
84.4%
Celtics, Hick, IndianaLarry Bird
83.3%
Swiss, Champion, TennisRoger Federer
82.2%
Hint Answer % Correct
Gambling, Player, ManagerPete Rose
80%
Reds, Mariners, DadKen Griffey Jr.
78.9%
Kid, Pittsburgh, HockeySidney Crosby
78.9%
Lefty, Tiger, GolfPhil Mickelson
76.7%
Neon, Football, BaseballDeion Sanders
74.4%
Packers, Lombardi, ChampionBart Starr
70%
Duke, Olympics, CoachMike Krzyzewski
67.8%
Knowledge, Auburn, FootballBo Jackson
63.3%
Moon, Vikings, FootballRandy Moss
52.2%
Olympics, Gymnastics, AnkleKerri Strug
45.6%

You're not logged in!

Compare scores with friends on all Sporcle quizzes.
OR
Log In

Show Comments

Extras

Created Mar 4, 2014ReportNominate
Tags:3-word

Top Quizzes Today


Score Distribution

Your Account Isn't Verified!

In order to create a playlist on Sporcle, you need to verify the email address you used during registration. Go to your Sporcle Settings to finish the process.

Report this User

Report this user for behavior that violates our Community Guidelines.

Details: